Statistics for Geopolitical Figures in the mid to late 20th Century #2

Click here to take the quiz!

General Stats

  • This quiz has been taken 54 times
  • The average score is 10 of 25

Answer Stats

Answer% Correct
Princess Diana
93%
Saddam Hussein
87%
Mikhail Gorbachev
82%
Malcolm X
80%
Ruhollah Khomeini
71%
Indira Gandhi
69%
Muammar Gaddafi
69%
John Paul II
64%
Henry Kissinger
60%
Josip Broz Tito
47%
Anwar Sadat
44%
Deng Xiaoping
42%
Nicolae Ceaușescu
36%
Valéry Giscard d'Estaing
29%
Chiang Kai-shek
24%
Eva Peron
24%
Harold Wilson
13%
Rigoberta Menchú
13%
Miriam Makeba
11%
Alcide de Gasperi
9%
Sirimavo Bandaranaike
9%
Óscar Arias
7%
Eisaku Satō
4%
Tage Erlander
4%
Thich Quang Duc
4%

Score Distribution

Percentile by Number Answered

Percent of People with Each Score

Your Score History

You have not taken this quiz